| 000 | 00390nam a22001457a 4500 | ||
|---|---|---|---|
| 005 | 20170811112036.0 | ||
| 008 | 170811b xxu||||| |||| 00| 0 eng d | ||
| 020 | _a978-81-85240-64-0 | ||
| 041 | _aeng | ||
| 100 |
_aSINGH, BHARAT. _93892 |
||
| 245 |
_aFUNDAMENTALS OF IRRIGATION ENGINEERING _cBHARAT SINGH |
||
| 260 |
_aINDIA _bNEM CHAND AND BROS ROORKEE _c2017 |
||
| 300 | _a616 | ||
| 942 | _cBK | ||
| 999 |
_c5525 _d5523 |
||